000 00664cam a2200241 4500500
005 20260329004934.0
041 _afre
042 _adc
100 1 0 _aLacroix, Alexandre
_eauthor
245 0 0 _aLa logique du bonheur
260 _c2021.
500 _a34
690 _aAlexandre Lacroix
690 _aBonheur
690 _aFutur
690 _aLogique
690 _aPlanification
690 _aPossibles
690 _aPrésent
690 _aPrévision
786 0 _nPhilosophie magazine | 153 | 10 | 2021-10-01 | p. 1-2 | 1951-1787
856 4 1 _uhttps://shs.cairn.info/magazine-philosophie-magazine-2021-10-page-1?lang=fr&redirect-ssocas=7080
999 _c1838733
_d1838733